[Event " PANAMERICANO SUB20 Femenino "COLOMBIA 2016" Guatapé (Antioquia) Junio 19 al 2"]
[Site "Guatape-Colombia"]
[Date "2016.06.20"]
[Round "1"]
[Board "1"]
[White "Eswaran, Ashritha"]
[Black "Velez Alvarez, Laura Camila"]
[Result "1-0"]
[WhiteElo "2261"]
[BlackElo "1876"]
[PlyCount "93"]
[EventDate "2016.06.20"]
[EventRounds "9"]
[EventCountry "COL"]

1. e4 c5 2. Nf3 d6 3. d4 cxd4 4. Nxd4 Nf6 5. Nc3 g6 6. Be2 Bg7 7. O-O O-O 8.
Bg5 Nc6 9. Nb3 a6 10. a4 Na5 11. Kh1 Qc7 12. Bxf6 exf6 13. Nxa5 Qxa5 14. Qxd6
f5 15. b4 Qe5 16. Qxe5 Bxe5 17. Ra3 Bxc3 18. Rxc3 fxe4 19. Rc7 Rd8 20. Re7 Be6
21. h3 Rd7 22. Rxd7 Bxd7 23. a5 Kf8 24. f3 Re8 25. c4 Bc6 26. fxe4 Rxe4 27. Rf2
Re3 28. b5 axb5 29. cxb5 Bd5 30. Kh2 Ra3 31. a6 bxa6 32. bxa6 Ke7 33. Bf1 Kd6
34. Rc2 f5 35. Kg1 f4 36. Be2 g5 37. Kf2 h6 38. Rc8 Rg3 39. Bf3 Bxf3 40. gxf3
Rxh3 41. a7 Rh2+ 42. Kg1 Ra2 43. a8=Q Rxa8 44. Rxa8 h5 45. Rg8 g4 46. fxg4 h4
47. Re8  1-0

[Event " PANAMERICANO SUB20 Femenino "COLOMBIA 2016" Guatapé (Antioquia) Junio 19 al 2"]
[Site "Guatape-Colombia"]
[Date "2016.06.20"]
[Round "1"]
[Board "2"]
[White "Viveros, Erica Johana"]
[Black "Roca Rojas, Ana Flavia"]
[Result "0-1"]
[WhiteElo "1855"]
[BlackElo "2177"]
[PlyCount "33"]
[EventDate "2016.06.20"]
[EventRounds "9"]
[EventCountry "COL"]

1. e4 c5 2. Nf3 d6 3. d4 cxd4 4. Nxd4 Nf6 5. Nc3 a6 6. g3 e6 7. Bg2 Be7 8. O-O
O-O 9. Be3 Qc7 10. f4 Nc6 11. h3 Nh5 12. Bf2 Bd7 13. f5 Ne5 14. g4 Nc6 15. Nce2
Rac8 16. c3 b5 17. Ng3  0-1

[Event " PANAMERICANO SUB20 Femenino "COLOMBIA 2016" Guatapé (Antioquia) Junio 19 al 2"]
[Site "Guatape-Colombia"]
[Date "2016.06.20"]
[Round "1"]
[Board "3"]
[White "Fuentes Godoy, Lilia Ivonne"]
[Black "Toro Castaneda, Elizabeht"]
[Result "1-0"]
[WhiteElo "2094"]
[BlackElo "1792"]
[PlyCount "51"]
[EventDate "2016.06.20"]
[EventRounds "9"]
[EventCountry "COL"]

1. d4 Nf6 2. c4 g6 3. d5 Bg7 4. Nc3 O-O 5. e4 d6 6. Be2 Nbd7 7. Be3 e5 8. g4
Nc5 9. f3 a5 10. h4 Ne8 11. h5 Bf6 12. Qd2 Bh4+ 13. Kd1 Bf6 14. Nh3 Ng7 15. Bh6
Bd7 16. Kc2 Ba4+ 17. b3 Be8 18. Rhg1 Na6 19. Nf2 c5 20. g5 Be7 21. Ng4 f5 22.
gxf6 Bxf6 23. Bxg7 Kxg7 24. Qh6+ Kg8 25. hxg6 Bxg6 26. Nxf6+  1-0

[Event " PANAMERICANO SUB20 Femenino "COLOMBIA 2016" Guatapé (Antioquia) Junio 19 al 2"]
[Site "Guatape-Colombia"]
[Date "2016.06.20"]
[Round "1"]
[Board "4"]
[White "Cosme Contreras, Trilce"]
[Black "Argote Heredia, Valentina"]
[Result "0-1"]
[WhiteElo "1768"]
[BlackElo "2039"]
[PlyCount "88"]
[EventDate "2016.06.20"]
[EventRounds "9"]
[EventCountry "COL"]

1. c4 e5 2. Nc3 Nf6 3. g3 Bb4 4. Qc2 Nc6 5. Nf3 O-O 6. Bg2 Re8 7. e4 b6 8. O-O
Ba6 9. d3 Bxc3 10. Qxc3 d6 11. b4 Bc8 12. h3 a5 13. b5 Ne7 14. Re1 Ng6 15. d4
exd4 16. Qxd4 Bb7 17. Nh2 Nf8 18. Qd3 Ne6 19. Be3 Nd7 20. f4 Nec5 21. Bxc5 Nxc5
22. Qd4 Re7 23. Ng4 Qe8 24. Nf2 f6 25. Re3 Rd8 26. Rae1 c6 27. bxc6 Qxc6 28.
Qd5+ Kf8 29. Qxc6 Bxc6 30. Rb1 Rb8 31. Rd1 Rd7 32. Nd3 Na4 33. Rd2 b5 34. cxb5
Rxb5 35. Rc2 Rb1+ 36. Kf2 Bb5 37. Bf1 Nc5 38. Be2 Bxd3 39. Bxd3 Rb4 40. Kf3 Rd4
41. Bb5 Rb7 42. Bc6 Rb6 43. Bd5 Rb1 44. Kg4 g6  0-1

[Event " PANAMERICANO SUB20 Femenino "COLOMBIA 2016" Guatapé (Antioquia) Junio 19 al 2"]
[Site "Guatape-Colombia"]
[Date "2016.06.20"]
[Round "1"]
[Board "5"]
[White "Monroy G., Nataly A."]
[Black "Rosales Murillo, Cristina"]
[Result "1-0"]
[WhiteElo "1999"]
[BlackElo "1747"]
[PlyCount "85"]
[EventDate "2016.06.20"]
[EventRounds "9"]
[EventCountry "COL"]

1. d4 Nf6 2. c4 e6 3. Nf3 Nc6 4. a3 a5 5. Nc3 d5 6. Bg5 Be7 7. e3 h6 8. Bh4 Ne4
9. Bxe7 Nxe7 10. cxd5 exd5 11. Nxe4 dxe4 12. Ne5 Be6 13. Qc2 Bd5 14. Bc4 f6 15.
Bxd5 Qxd5 16. Nc4 Nf5 17. Nd2 Nd6 18. Rc1 Rc8 19. Qa4+ c6 20. O-O b5 21. Qxa5
O-O 22. Qb6 Nc4 23. Nxc4 bxc4 24. Qb4 Rb8 25. Qxc4 Rxb2 26. Qxc6 Qxc6 27. Rxc6
Ra8 28. Rc3 Ra2 29. g3 R2xa3 30. Rxa3 Rxa3 31. Rc1 Rd3 32. Rc5 Kf7 33. h4 g6
34. g4 g5 35. Rc7+ Kg8 36. hxg5 hxg5 37. Re7 Ra3 38. Rxe4 Kf7 39. Kg2 Ra1 40.
f4 gxf4 41. Rxf4 Ra2+ 42. Kf3 Rd2 43. g5  1-0

[Event " PANAMERICANO SUB20 Femenino "COLOMBIA 2016" Guatapé (Antioquia) Junio 19 al 2"]
[Site "Guatape-Colombia"]
[Date "2016.06.20"]
[Round "1"]
[Board "6"]
[White "Velasquez, Angie Gabriela"]
[Black "Salcedo, Jackeline"]
[Result "0-1"]
[WhiteElo "1736"]
[BlackElo "1995"]
[PlyCount "92"]
[EventDate "2016.06.20"]
[EventRounds "9"]
[EventCountry "COL"]

1. e4 e6 2. d3 d5 3. Nd2 c5 4. g3 Nc6 5. Bg2 Nf6 6. Ngf3 Be7 7. O-O b6 8. Re1
Bb7 9. c3 Qc7 10. Nf1 O-O-O 11. exd5 Nxd5 12. Ne3 h6 13. Nxd5 exd5 14. d4 g5
15. h4 f6 16. Be3 Kb8 17. a3 c4 18. b3 cxb3 19. Qxb3 Na5 20. Qc2 Rc8 21. Bh3
Rce8 22. Bg2 Nc4 23. a4 Bd6 24. Qc1 Re7 25. hxg5 hxg5 26. Bxg5 fxg5 27. Rxe7
Qxe7 28. Qxg5 Qxg5 29. Nxg5 Re8 30. Nf7 Bc7 31. Bf1 Nd2 32. Ng5 Rg8 33. Nh3 Ne4
34. Rc1 Bc8 35. Kh2 Rh8 36. c4 Nxf2 37. cxd5 Nxh3 38. Bxh3 Rxh3+ 39. Kg2 Rxg3+
40. Kf2 Rd3 41. Rc4 Ba6 42. Rb4 Bd6 43. Rb2 Rxd4 44. a5 Rxd5 45. axb6 Bc5+ 46.
Kg3 axb6  0-1

[Event " PANAMERICANO SUB20 Femenino "COLOMBIA 2016" Guatapé (Antioquia) Junio 19 al 2"]
[Site "Guatape-Colombia"]
[Date "2016.06.20"]
[Round "1"]
[Board "7"]
[White "Brizzi, Milagros Tatiana"]
[Black "Cespedes Galindo, Estefania"]
[Result "1-0"]
[WhiteElo "1990"]
[BlackElo "1713"]
[PlyCount "81"]
[EventDate "2016.06.20"]
[EventRounds "9"]
[EventCountry "COL"]

1. e4 c5 2. Nf3 Nc6 3. d3 e6 4. g3 Nf6 5. Bg2 g6 6. c3 Bg7 7. O-O O-O 8. Re1 d5
9. e5 Nd7 10. d4 b5 11. Bf4 Qb6 12. Be3 c4 13. Nbd2 b4 14. Nxc4 Qc7 15. Ncd2
bxc3 16. bxc3 Nb6 17. Nb3 Nc4 18. Bf4 Re8 19. Qc1 N6a5 20. Bh6 Rb8 21. Rb1 Rb6
22. h4 Rc6 23. Nh2 Qe7 24. Ng4 Bh8 25. Bg5 Qa3 26. Qf4 Rc7 27. Nc5 Qxc3 28. Bf6
Qd2 29. Qxd2 Nxd2 30. Rbd1 h5 31. Bxh8 hxg4 32. Bf6 Nac4 33. Re2 Nf3+ 34. Bxf3
gxf3 35. Rc2 Bd7 36. Rd3 Rb8 37. Rxf3 Rb1+ 38. Kg2 Rd1 39. Nxd7 Rxd7 40. Rb3 g5
41. h5  1-0

[Event " PANAMERICANO SUB20 Femenino "COLOMBIA 2016" Guatapé (Antioquia) Junio 19 al 2"]
[Site "Guatape-Colombia"]
[Date "2016.06.20"]
[Round "1"]
[Board "8"]
[White "Varela, Maria De Los Angeles"]
[Black "Loaiza, Yurani"]
[Result "0-1"]
[WhiteElo "1602"]
[BlackElo "1962"]
[PlyCount "48"]
[EventDate "2016.06.20"]
[EventRounds "9"]
[EventCountry "COL"]

1. e4 e5 2. Nf3 Nf6 3. Nc3 Bb4 4. Nd5 Bc5 5. Bc4 O-O 6. O-O d6 7. d3 h6 8. Re1
Bg4 9. Ne3 Bh5 10. c3 Nc6 11. Nf5 Re8 12. Ng3 Bg6 13. Nh4 Kh7 14. Ngf5 d5 15.
exd5 Nxd5 16. Qf3 Nf6 17. Nxg6 fxg6 18. Nh4 Qd7 19. b4 Bb6 20. Be3 e4 21. dxe4
Ne5 22. Qg3 g5 23. Bxg5 hxg5 24. Qxg5 Qg4  0-1

[Event " PANAMERICANO SUB20 Femenino "COLOMBIA 2016" Guatapé (Antioquia) Junio 19 al 2"]
[Site "Guatape-Colombia"]
[Date "2016.06.20"]
[Round "1"]
[Board "9"]
[White "Gomez Barrera, Javiera Belen"]
[Black "Norena Yepez, Vanessa"]
[Result "1-0"]
[WhiteElo "1959"]
[BlackElo "1567"]
[PlyCount "123"]
[EventDate "2016.06.20"]
[EventRounds "9"]
[EventCountry "COL"]

1. e4 c5 2. Nf3 Nc6 3. d4 cxd4 4. Nxd4 Nf6 5. Nc3 e5 6. Ndb5 d6 7. Bg5 a6 8.
Na3 b5 9. Nd5 Be7 10. Bxf6 Bxf6 11. c3 O-O 12. Nc2 Bg5 13. h4 Bh6 14. g4 f6 15.
Nde3 Ne7 16. Rg1 Bf4 17. Nd5 Bb7 18. Ncb4 Nxd5 19. Nxd5 Kh8 20. a4 bxa4 21.
Rxa4 a5 22. Nxf4 exf4 23. Rd4 Qe7 24. Bd3 d5 25. Qe2 dxe4 26. Bxe4 Rae8 27. f3
Bxe4 28. Rxe4 Qd7 29. Kf2 Rxe4 30. Qxe4 Re8 31. Qxf4 Qa7+ 32. Qd4 Qe7 33. Qd2
Qc5+ 34. Kg2 Qb5 35. Kf2 Rb8 36. Rb1 a4 37. Qe2 Qb3 38. Ra1 h6 39. Kg3 Ra8 40.
Qe4 Rc8 41. Qb4 Rb8 42. Qxb3 Rxb3 43. Ra2 Kg8 44. Kf4 Kf7 45. Rxa4 Rxb2 46.
Ra7+ Kf8 47. Kf5 Rf2 48. f4 g6+ 49. Ke4 Re2+ 50. Kd5 Rd2+ 51. Ke6 Rf2 52. Rf7+
Ke8 53. Rxf6 Re2+ 54. Kd5 Rf2 55. Ke4 Re2+ 56. Kd3 Rf2 57. Ke3 Rc2 58. Rxg6
Rxc3+ 59. Ke4 Rc4+ 60. Ke5 Rc5+ 61. Kd4 Ra5 62. Rxh6  1-0

[Event " PANAMERICANO SUB20 Femenino "COLOMBIA 2016" Guatapé (Antioquia) Junio 19 al 2"]
[Site "Guatape-Colombia"]
[Date "2016.06.20"]
[Round "1"]
[Board "10"]
[White "Henao Garcia, Estefania"]
[Black "Solis Chimoy, Blanca"]
[Result "0-1"]
[WhiteElo "1349"]
[BlackElo "1931"]
[PlyCount "60"]
[EventDate "2016.06.20"]
[EventRounds "9"]
[EventCountry "COL"]

1. e4 d6 2. d4 Nf6 3. Nc3 g6 4. Nf3 Bg7 5. Bc4 O-O 6. O-O c6 7. Bg5 b5 8. Bb3
b4 9. Bxf6 Bxf6 10. Ne2 Nd7 11. Ng3 Bb7 12. Re1 Qc7 13. Qd2 a5 14. h4 c5 15. c3
a4 16. Bc2 a3 17. b3 bxc3 18. Qxc3 Qb6 19. Rad1 cxd4 20. Nxd4 Rfc8 21. Qe3 Bxd4
22. Rxd4 Rxc2 23. h5 Rxa2 24. hxg6 hxg6 25. Red1 Rb2 26. Kh2 Ne5 27. Kh3 Rxb3
28. Qd2 Kg7 29. Kh4 Rh8+ 30. Kg5 f6+  0-1

[Event " PANAMERICANO SUB20 Femenino "COLOMBIA 2016" Guatapé (Antioquia) Junio 19 al 2"]
[Site "Guatape-Colombia"]
[Date "2016.06.20"]
[Round "1"]
[Board "11"]
[White "Sanchez Zambrano, Vanessa"]
[Black "Becerra Fonseca, Camila"]
[Result "1-0"]
[WhiteElo "1909"]
[BlackElo "1325"]
[PlyCount "53"]
[EventDate "2016.06.20"]
[EventRounds "9"]
[EventCountry "COL"]

1. d4 d5 2. c4 e6 3. Nf3 Nf6 4. Bg5 Nbd7 5. Nc3 Be7 6. e3 O-O 7. Bd3 c5 8. O-O
Qc7 9. cxd5 exd5 10. Bf4 Bd6 11. Nb5 Qb6 12. Nxd6 Nh5 13. Nxc8 Raxc8 14. Ne5
Nxe5 15. Bxe5 g6 16. dxc5 Qxc5 17. Rc1 Qe7 18. Bd4 b6 19. Qg4 f5 20. Bxf5 Nf6
21. Be6+ Kg7 22. Rxc8 Kh6 23. Qh4+ Kg7 24. Rxf8 Qxf8 25. Rc1 Qe7 26. Rc7 Qxc7
27. Qxf6+  1-0

[Event " PANAMERICANO SUB20 Femenino "COLOMBIA 2016" Guatapé (Antioquia) Junio 19 al 2"]
[Site "Guatape-Colombia"]
[Date "2016.06.21"]
[Round "2"]
[Board "1"]
[White "Loaiza, Yurani"]
[Black "Eswaran, Ashritha"]
[Result "1/2-1/2"]
[WhiteElo "1962"]
[BlackElo "2261"]
[PlyCount "0"]
[EventDate "2016.06.20"]
[EventRounds "9"]
[EventCountry "COL"]

1. Nf3 Nf6 2. c4 e6 3. g3 d5 4. d4 c6 5. Qc2 Bd6 6. Bg2 Nbd7 7. O-O O-O 8. b3
Qe7 9. Bb2 dxc4 10. Qxc4 e5 11. dxe5 Nxe5 12. Qd4 Ng6 13. Nc3 Bc5 14. Qd2 Rd8
15. Qc2 Bg4 16. Rfd1 Bxf3 17. Bxf3 Ne5 18. Ne4 Nxf3+ 19. exf3 Nxe4 20. fxe4 a5
21. Qc3 f6 22. Rac1 Bb4 23. Qc4+ Qf7 24. Qxf7+ Kxf7 25. Kf1 a4 26. a3 Bd6 27.
b4 Ke6 28. Ke2 Be5 29. Bxe5 fxe5 30. f4 g6 31. Ke3 exf4+ 32. gxf4 Rxd1 33. Rxd1
Rc8 34. Rd4 b5 35. e5 c5 36. Rd6+ Ke7 37. bxc5 Rxc5 38. Kd3 Rc4 39. Rd4 Rc1 40.
Rb4 Ra1 41. Rxb5 Rxa3+ 42. Ke4 Rh3 43. Ra5 a3 44. Ra7+ Ke6 45. Ra6+ Ke7 46.
Ra7+ Kd8 47. Kd5 Rxh2 48. Rxa3 h5 49. Kd6 Rd2+ 50. Ke6 Rf2 51. Kf6 Rxf4+ 52.
Kxg6 h4 53. Kg5 Rf1  1/2-1/2

[Event " PANAMERICANO SUB20 Femenino "COLOMBIA 2016" Guatapé (Antioquia) Junio 19 al 2"]
[Site "Guatape-Colombia"]
[Date "2016.06.21"]
[Round "2"]
[Board "2"]
[White "Roca Rojas, Ana Flavia"]
[Black "Brizzi, Milagros Tatiana"]
[Result "1/2-1/2"]
[WhiteElo "2177"]
[BlackElo "1990"]
[PlyCount "0"]
[EventDate "2016.06.20"]
[EventRounds "9"]
[EventCountry "COL"]

1. e4 c5 2. Nf3 e6 3. g3 Qc7 4. Bg2 Nc6 5. O-O Nge7 6. Nc3 a6 7. d4 cxd4 8.
Nxd4 Nxd4 9. Qxd4 Nc6 10. Qd3 Be7 11. Kh1 O-O 12. f4 d6 13. a4 b6 14. Be3 Bb7
15. Qc4 Rac8 16. f5 Ne5 17. Qxc7 Rxc7 18. Bxb6 Rc6 19. Bd4 Bf6 20. fxe6 fxe6
21. Bxe5 Bxe5 22. Rxf8+ Kxf8 23. Ra3 Bxc3 24. Rxc3 Rxc3 25. bxc3 a5 26. e5 d5
27. c4 Bc6 28. cxd5 exd5 29. c4 Bxa4 30. cxd5 Ke7  1/2-1/2

[Event " PANAMERICANO SUB20 Femenino "COLOMBIA 2016" Guatapé (Antioquia) Junio 19 al 2"]
[Site "Guatape-Colombia"]
[Date "2016.06.21"]
[Round "2"]
[Board "3"]
[White "Solis Chimoy, Blanca"]
[Black "Fuentes Godoy, Lilia Ivonne"]
[Result "0-1"]
[WhiteElo "1931"]
[BlackElo "2094"]
[PlyCount "0"]
[EventDate "2016.06.20"]
[EventRounds "9"]
[EventCountry "COL"]

1. d4 d5 2. c4 e6 3. Nf3 c6 4. Qc2 Bd6 5. e4 dxe4 6. Qxe4 Nf6 7. Qc2 h6 8. Nc3
O-O 9. Bd3 Nbd7 10. Be3 e5 11. O-O-O exd4 12. Bxd4 Qc7 13. h3 c5 14. Be3 Bf4
15. Rhe1 a6 16. g3 Bxe3+ 17. Rxe3 Nb6 18. g4 Qf4 19. Ne2 Qc7 20. g5 hxg5 21.
Nxg5 Re8 22. Nh7 Rxe3 23. Nxf6+ gxf6 24. fxe3 Qe5 25. Bh7+ Kf8 26. Qb3 Qe6 27.
Bd3 Qxe3+ 28. Kb1 Nd7 29. Nc3 Ne5 30. Nd5 Qf3 31. Nb6 Rb8 32. Nxc8 Rxc8 33. Bc2
Qxb3 34. axb3 Ke7 35. Bf5 Rg8 36. Kc2 b6 37. Rd2 Rg3 38. Rf2 Nc6 39. Re2+ Kd6
40. Rd2+ Ke5 41. Bc8 Nb4+ 42. Kc1 Rxb3 43. Rd7 Rd3 44. Rxf7 a5 45. Re7+ Kd4 46.
Be6 Rg3 47. Rd7+ Ke3 48. Bg4 Nd3+ 49. Kc2 Ne5 50. Re7 Kd4 51. Re6 Nxc4 52. Rxf6
Rg2+ 53. Kc1 b5 54. Rf4+ Kd3 55. Rf3+ Ne3 56. Bf5+  0-1

[Event " PANAMERICANO SUB20 Femenino "COLOMBIA 2016" Guatapé (Antioquia) Junio 19 al 2"]
[Site "Guatape-Colombia"]
[Date "2016.06.21"]
[Round "2"]
[Board "6"]
[White "Salcedo, Jackeline"]
[Black "Sanchez Zambrano, Vanessa"]
[Result "0-1"]
[WhiteElo "1995"]
[BlackElo "1909"]
[PlyCount "0"]
[EventDate "2016.06.20"]
[EventRounds "9"]
[EventCountry "COL"]

1. d4 Nf6 2. c4 g6 3. Nc3 Bg7 4. e4 d6 5. f3 O-O 6. Bg5 a6 7. Qd2 Nbd7 8. Nh3
c5 9. d5 b5 10. cxb5 Qa5 11. a4 Nb6 12. Nf2 axb5 13. Bxb5 Bd7 14. Ra2 Bxb5 15.
axb5 Qb4 16. Nd3 Qc4 17. Rxa8 Rxa8 18. O-O Qb3 19. Qe2 Ne8 20. Rc1 Bd4+ 21. Be3
Bxc3 22. Rxc3 Qxb5 23. Qc2 Ra1+ 24. Kf2 Nf6 25. Qb3 Qa6 26. Qc2 Nfd7 27. Qe2
Qb5 28. Nc1 Qa4 29. Bh6 f6 30. h4 Ne5 31. Qd2 Kf7 32. Kg3 Nbc4 33. Qe2 Nb6 34.
Rc2 Qb4 35. f4 Ned7 36. Nd3 Qd4 37. Nf2 Ra4 38. Qg4 Qe3+ 39. Kh2 f5 40. exf5
Nf6 41. fxg6+ hxg6 42. Qd1 Rd4 43. Qe2 Nbxd5 44. g3 Qxf2+ 45. Qxf2 Ng4+ 46. Kh3
Nxf2+ 47. Rxf2 e6 48. Bg5 Rd3 49. Re2 Rb3 50. Rd2 Ke8 51. Kh2 Kd7 52. Bh6 Ne3
53. Kh3 Nf5 54. Bf8 Rxg3+ 55. Kh2 Rg4 56. Rd3 Rxf4 57. h5 Rh4+ 58. Rh3 Rxh3+
59. Kxh3 gxh5 60. Kg2 Ke8  0-1

[Event " PANAMERICANO SUB20 Femenino "COLOMBIA 2016" Guatapé (Antioquia) Junio 19 al 2"]
[Site "Guatape-Colombia"]
[Date "2016.06.21"]
[Round "2"]
[Board "7"]
[White "Velez Alvarez, Laura Camila"]
[Black "Velasquez, Angie Gabriela"]
[Result "1-0"]
[WhiteElo "1876"]
[BlackElo "1736"]
[PlyCount "0"]
[EventDate "2016.06.20"]
[EventRounds "9"]
[EventCountry "COL"]

1. e4 c5 2. Nf3 e6 3. d4 cxd4 4. Nxd4 a6 5. Nc3 Qc7 6. Be3 Nf6 7. f3 Nc6 8. Qd2
Be7 9. g4 b5 10. Nb3 Ne5 11. Be2 Nc4 12. Bxc4 bxc4 13. Nd4 Bb7 14. Nde2 O-O 15.
Ng3 Rfd8 16. g5 Ne8 17. Bd4 e5 18. Be3 Bc5 19. Nf5 Kf8 20. Nd5 Bxd5 21. Qxd5
Bxe3 22. Nxe3 Rac8 23. Rd1 Qc5 24. Qxc5+ Rxc5 25. Rd5 Rxd5 26. Nxd5 Rb8 27. b3
cxb3 28. cxb3 Rb7 29. Kd2 Nc7 30. Nxc7 Rxc7 31. Re1 Ke7 32. Re3 Ke6 33. Rd3 f6
34. gxf6 gxf6 35. Rd5 Rc6 36. b4 Rc4 37. a3 Rc6 38. Rd3 Rc7 39. Rd5 Rc6 40. Ra5
h6 41. h3 h5 42. a4 d6 43. b5 axb5 44. Rxb5 Rc4 45. a5 Ra4 46. Kc3 Ra3+ 47. Kb4
Rxf3 48. a6 Re3 49. a7 Rxe4+ 50. Ka3 Re3+ 51. Rb3 Rxb3+ 52. Kxb3 Kf5 53. a8=Q
Kg5 54. Qd5 h4 55. Qxd6 e4 56. Kc3 Kf5 57. Kd4  1-0

[Event " PANAMERICANO SUB20 Femenino "COLOMBIA 2016" Guatapé (Antioquia) Junio 19 al 2"]
[Site "Guatape-Colombia"]
[Date "2016.06.21"]
[Round "2"]
[Board "8"]
[White "Cespedes Galindo, Estefania"]
[Black "Viveros, Erica Johana"]
[Result "1-0"]
[WhiteElo "1713"]
[BlackElo "1855"]
[PlyCount "37"]
[EventDate "2016.06.20"]
[EventRounds "9"]
[EventCountry "COL"]

1. d4 f5 2. Nf3 Nf6 3. h4 g6 4. Nc3 Bg7 5. Bg5 O-O 6. Qd2 c6 7. h5 Nxh5 8. Bh6
d6 9. O-O-O Nd7 10. e4 Ndf6 11. e5 dxe5 12. Nxe5 Qc7 13. Bxg7 Nxg7 14. Be2 Be6
15. Qg5 Rad8 16. f4 Qb6 17. Rxh7 Nxh7 18. Qh6 Rf6 19. Rh1  1-0

[Event " PANAMERICANO SUB20 Femenino "COLOMBIA 2016" Guatapé (Antioquia) Junio 19 al 2"]
[Site "Guatape-Colombia"]
[Date "2016.06.21"]
[Round "2"]
[Board "9"]
[White "Toro Castaneda, Elizabeht"]
[Black "Varela, Maria De Los Angeles"]
[Result "1-0"]
[WhiteElo "1792"]
[BlackElo "1602"]
[PlyCount "28"]
[EventDate "2016.06.20"]
[EventRounds "9"]
[EventCountry "COL"]

1. e4 c5 2. Nf3 e6 3. d3 d6 4. g3 Nf6 5. Bg2 Be7 6. O-O O-O 7. Nbd2 Nbd7 8. a4
d5 9. e5 Ng4 10. Re1 Qc7 11. Qe2 b5 12. Nf1 f6 13. exf6 Bxf6 14. c3 Be7  1-0

[Event " PANAMERICANO SUB20 Femenino "COLOMBIA 2016" Guatapé (Antioquia) Junio 19 al 2"]
[Site "Guatape-Colombia"]
[Date "2016.06.21"]
[Round "2"]
[Board "11"]
[White "Rosales Murillo, Cristina"]
[Black "Henao Garcia, Estefania"]
[Result "1-0"]
[WhiteElo "1747"]
[BlackElo "1349"]
[PlyCount "54"]
[EventDate "2016.06.20"]
[EventRounds "9"]
[EventCountry "COL"]

1. e4 e5 2. Bc4 Nf6 3. Nc3 Nc6 4. d3 Bb4 5. Nge2 d5 6. exd5 Nxd5 7. O-O Be6 8.
Ne4 O-O 9. a3 Be7 10. f4 Nf6 11. Bxe6 fxe6 12. Ng5 Qd7 13. fxe5 Nxe5 14. d4 Ng6
15. c3 Ng4 16. Ng3 Bxg5 17. Bxg5 e5 18. Qb3+ Kh8 19. Rad1 Rxf1+ 20. Rxf1 h6 21.
Qxb7 Rd8 22. Qe4 hxg5 23. Qxg6 Kg8 24. Nh5 exd4 25. h3 dxc3 26. bxc3 Kh8 27.
hxg4 Qe7  1-0

[Event " PANAMERICANO SUB20 Femenino "COLOMBIA 2016" Guatapé (Antioquia) Junio 19 al 2"]
[Site "Guatape-Colombia"]
[Date "2016.06.21"]
[Round "3"]
[Board "2"]
[White "Sanchez Zambrano, Vanessa"]
[Black "Argote Heredia, Valentina"]
[Result "0-1"]
[WhiteElo "1909"]
[BlackElo "2039"]
[PlyCount "0"]
[EventDate "2016.06.20"]
[EventRounds "9"]
[EventCountry "COL"]

1. d4 Nf6 2. c4 e6 3. Nc3 Bb4 4. f3 d5 5. a3 Bxc3+ 6. bxc3 c5 7. cxd5 Nxd5 8.
Qd2 O-O 9. e4 Ne7 10. Bb2 Qa5 11. Bd3 Rd8 12. Ne2 Nbc6 13. Rd1 b6 14. O-O Ba6
15. Qe3 Bxd3 16. Rxd3 Qb5 17. Bc1 Ne5 18. Rdd1 Nc4 19. Qg5 Nc6 20. Ng3 Nd6 21.
d5 exd5 22. Nh5 Ne8 23. exd5 f6 24. Qg4 Ne5 25. Qe6+ Nf7 26. Rfe1 Qc4 27. Re4
Qxc3 28. Bf4 g6 29. Ng3 Ned6 30. Bxd6 Rxd6 31. Qe7 Qb3 32. Ree1 f5 33. Qb7 Rad8
34. Qxa7 Rxd5 35. Rb1 Qc2 36. Qxb6 Rd2 37. Nf1 Rxg2+ 38. Kh1 Qf2  0-1

[Event " PANAMERICANO SUB20 Femenino "COLOMBIA 2016" Guatapé (Antioquia) Junio 19 al 2"]
[Site "Guatape-Colombia"]
[Date "2016.06.21"]
[Round "3"]
[Board "3"]
[White "Eswaran, Ashritha"]
[Black "Roca Rojas, Ana Flavia"]
[Result "0-1"]
[WhiteElo "2261"]
[BlackElo "2177"]
[PlyCount "0"]
[EventDate "2016.06.20"]
[EventRounds "9"]
[EventCountry "COL"]

1. e4 c5 2. Nf3 d6 3. d4 cxd4 4. Nxd4 Nf6 5. Nc3 a6 6. g3 e6 7. Bg2 Be7 8. O-O
Qc7 9. f4 Nc6 10. Nxc6 bxc6 11. e5 Nd5 12. exd6 Bxd6 13. Ne4 Be7 14. c4 Nf6 15.
Be3 O-O 16. Qe2 Rb8 17. c5 Nxe4 18. Bxe4 Bf6 19. Rab1 a5 20. Rfd1 Bd7 21. Qd3
Rfd8 22. Bxh7+ Kh8 23. Be4 Be8 24. Qe2 Rxd1+ 25. Rxd1 Rxb2 26. Qh5+ Kg8 27. Rd6
g6 28. Qg4 Kg7 29. f5 exf5 30. Qf4 Qe7 31. Bxf5 Rb4 32. Qh6+ Kg8 33. Bd2 Rd4
34. Bc2 Rxd6 35. cxd6 Qxd6 36. Be4 Qd4+ 37. Qe3 c5 38. Qxd4 Bxd4+ 39. Kf1 Bb5+
40. Ke1 a4 41. Kd1 Kg7 42. Kc2 Kf6 43. Bf4 Ke6 44. Bc1 f5 45. Bf3 Bc4 46. Bc6
Bxa2 47. Bxa4 Bd5 48. Be8 Kf6 49. h4 c4 50. Bg5+ Kg7 51. h5 Be4+ 52. Kc1 gxh5
53. Bxh5 c3 54. Be2 Be5 55. Be3 Kf6 56. Bf2 f4 57. g4 f3 58. Bxf3 Bf4+ 59. Kd1
c2+  0-1

[Event " PANAMERICANO SUB20 Femenino "COLOMBIA 2016" Guatapé (Antioquia) Junio 19 al 2"]
[Site "Guatape-Colombia"]
[Date "2016.06.21"]
[Round "3"]
[Board "4"]
[White "Brizzi, Milagros Tatiana"]
[Black "Loaiza, Yurani"]
[Result "1-0"]
[WhiteElo "1990"]
[BlackElo "1962"]
[PlyCount "0"]
[EventDate "2016.06.20"]
[EventRounds "9"]
[EventCountry "COL"]

1. e4 e5 2. Nf3 Nc6 3. d4 exd4 4. Nxd4 Bb4+ 5. c3 Bc5 6. Be3 Bb6 7. Bc4 d6 8.
Nd2 Nf6 9. h3 O-O 10. Bd3 d5 11. Nxc6 bxc6 12. Bxb6 axb6 13. O-O dxe4 14. Nxe4
Nd5 15. Qf3 Qh4 16. Ng3 Be6 17. Bf5 Rfe8 18. a3 Nf4 19. Bxe6 Rxe6 20. Rfe1 Rae8
21. Rxe6 Rxe6 22. Rd1 Nd5 23. Nf5 Qa4 24. Rd4 Qb3 25. Rd2 h6 26. Nd4 Re1+ 27.
Kh2 Qc4 28. Nxc6 Qxc6 29. Rxd5 Qe6 30. Qd3 g6 31. Qd4 Kh7 32. Rd8 Qe5+ 33. Qxe5
Rxe5 34. Rd7 Kg7 35. Rxc7 Re2 36. b4 Ra2 37. c4 Rxa3 38. Rc6 Rc3 39. f3 h5 40.
h4 Kf8 41. Kg3 Ke7 42. Kf4 Kd7 43. b5 Rc2 44. g3 Rd2 45. Rxb6 Rd4+ 46. Ke5 Rxc4
47. Rb7+ Ke8 48. b6 Rc3 49. Kd6 Rd3+ 50. Kc6 Rxf3 51. Rc7 Rc3+ 52. Kd6 Rd3+ 53.
Ke5 Re3+ 54. Kf4 Rb3 55. b7 Rb4+ 56. Kg5  1-0

[Event " PANAMERICANO SUB20 Femenino "COLOMBIA 2016" Guatapé (Antioquia) Junio 19 al 2"]
[Site "Guatape-Colombia"]
[Date "2016.06.21"]
[Round "3"]
[Board "5"]
[White "Cosme Contreras, Trilce"]
[Black "Salcedo, Jackeline"]
[Result "0-1"]
[WhiteElo "1768"]
[BlackElo "1995"]
[PlyCount "0"]
[EventDate "2016.06.20"]
[EventRounds "9"]
[EventCountry "COL"]

1. c4 c6 2. Nc3 d5 3. d4 e6 4. e3 Nf6 5. Nf3 Nbd7 6. Bd3 dxc4 7. Bxc4 b5 8. Bd3
a6 9. O-O c5 10. b3 Bb7 11. Qe2 Qb8 12. e4 cxd4 13. Nxd4 Bd6 14. Nf3 O-O 15.
Re1 Ne5 16. h3 Bb4 17. Bb2 Ng6 18. a3 Bc5 19. Bc1 Rc8 20. Bd2 Nh5 21. Kh1 Nhf4
22. Qf1 Bxf2 23. Qxf2 Nxd3 24. Qe2 Nxe1 25. Rxe1 Qg3 26. Kg1 Nf4 27. Bxf4 Qxf4
28. Qe3 Qxe3+ 29. Rxe3 Rd8 30. Kf2 Rac8 31. Ke2 Rc7 32. g4 Rdc8 33. Kd2 Kf8 34.
h4 h6 35. h5 Rxc3 36. Rxc3 Rxc3 37. Kxc3 Bxe4 38. Ne5 Ke7 39. Kd4 f6 40. Kxe4
fxe5 41. Kxe5 a5 42. b4 axb4 43. axb4 Kd7 44. Kd4 Kd6 45. Ke4 e5 46. Kf5 Kd5
47. Kg6 e4 48. Kxg7 e3 49. Kxh6 e2 50. g5 e1=Q 51. g6 Ke6 52. Kh7 Kf6 53. g7
Qe7 54. h6 Kg5 55. Kh8 Qf6  0-1